01139nam a2200193Ia 4500001000900000003001000009008004100019040002500060041001200085100002000097245006000117250001100177260006000188300001200248500026200260501011400522520026200636650004700898L120-828IT-CnALBA170116s9999||||xx |||||||||||||| ||und|| aIT-CnALBAcIT-CnALBA aLATINO  aVEUTHEY P. LEON 0aCRITICA (DE VALORE OBIECTIVO COGNITIONIS DISQUISITIO).  a3a ed. a ROMAEbOFFICIUM LIBRI CATHOLICI c1941 [1° Ed.: n.d.] a230 p.  aCRITICA VERITÀ CERTEZZA EVIDENZA METODO DIMOSTRATIVO ESPERIENZA. CRITICA DEI SISTEMI: KANTIANO IDEALISMO POSITIVISMO SISTEMA PLATONICO AGOSTINIANO ONTOLOGISMO INNATISMO ASTRAZIONE ARISTOTELICA.TEORIA DELLA CONOSCENZA: CONOSCENZA CONSCENZA SENSIBILE INTELL aSocietà San Paolo EM - Piazza San Paolo, 14 - 12051 ALBA (CN) (non commercial uses only) ® Copyright 2017 aCRITICA VERITÀ CERTEZZA EVIDENZA METODO DIMOSTRATIVO ESPERIENZA. CRITICA DEI SISTEMI: KANTIANO IDEALISMO POSITIVISMO SISTEMA PLATONICO AGOSTINIANO ONTOLOGISMO INNATISMO ASTRAZIONE ARISTOTELICA.TEORIA DELLA CONOSCENZA: CONOSCENZA CONSCENZA SENSIBILE INTELL aGNOSEOLOGIA - CAUSALITÀ - FINE DELL'UOMO